|
|
|
|
| LEADER |
00000nab a2200000 a 4500 |
| 001 |
vtls000670837 |
| 003 |
SK-MaSNL |
| 005 |
20260304083456.0 |
| 008 |
250425c1998 xo 0 slo |
| 015 |
|
|
|a SNBRB1998/08-21928
|
| 035 |
|
|
|a CLN000023014
|
| 035 |
|
|
|a urn:nbn:sk:snk-ab9z5e
|
| 035 |
|
|
|a (urnnbn)urn:nbn:sk:snk:ar-a095tr
|
| 035 |
|
|
|a (uuid)d61b42ca-f126-4247-b77f-4fe89ca1a4a9
|
| 040 |
|
|
|a SNKBUCL
|b slo
|c SNKBUCL
|e AACR2
|
| 041 |
0 |
|
|a slo
|
| 044 |
|
|
|a xo
|c SK
|
| 080 |
|
|
|a 582.32(437.6)
|2 1997
|
| 080 |
|
|
|a 502.4(437.6)
|2 1997
|
| 100 |
1 |
|
|a Kubinská, Anna,
|d 1949-2017
|4 aut
|9 7170
|
| 245 |
1 |
0 |
|a Machorasty Národnej prírodnej rezervácie Šúr
|c Anna Kubinská
|
| 300 |
|
|
|b Fotogr.
|
| 504 |
|
|
|a Bibliogr. odkazy
|
| 650 |
0 |
7 |
|a machorasty
|z Šúr (Slovensko : prírodná rezervácia)
|2 snkbucl
|9 1374219
|
| 651 |
|
7 |
|a Národná prírodná rezervácia Šúr (Slovensko)
|2 snkbucl
|9 14315
|
| 655 |
|
7 |
|a články z novín a časopisov
|2 snkbucl
|9 267496
|
| 773 |
0 |
|
|t Chránené územia Slovenska
|g Č. 36 (1998), s. 11-13
|x 1335-1737
|
| 850 |
|
|
|a Slovenská národná knižnica
|
| 852 |
|
|
|a Slovenská národná knižnica
|
| 954 |
|
|
|a odborná, vedecká literatúra pôvodná (slovenská)
|2 lita
|
| 958 |
|
|
|a article13
|
| 958 |
|
|
|a SK
|
| 958 |
|
|
|a NB
|
| 958 |
|
|
|a OND
|
| 958 |
|
|
|a EUIPO
|
| 992 |
|
|
|a RBX
|
| 999 |
|
|
|c 2800613
|d 2802543
|